00418nam a2200133Ia 450000500170000000800410001702000150005808200140007310000260008724500970011326000510021030000120026165000110027320250630014520.0240331s9999 xx 000 0 und d a9558027030 bRAJa1905 aPathisana , O.V.R. tr 0aRajya sewawa tula stree purusha samajabhawaya muula pravahakaranaya sandaha kadinam athwelak aColombobShakthi Gender Equality Projectc2003 a42 p ., aGender